|
|
|
|
| LEADER |
01567nam a2200289 a 4500 |
| 001 |
11900267 |
| 008 |
100827s2010 sw 000 0 eng d |
| 999 |
|
|
|c 11011
|d 11011
|
| 020 |
|
|
|a 9789158641303
|
| 022 |
0 |
|
|a 1402-215x
|
| 040 |
|
|
|a G
|
| 082 |
0 |
0 |
|a 332.2095492
|2 22
|
| 100 |
1 |
|
|a Jupp, Dee
|9 32722
|
| 245 |
1 |
0 |
|a Measuring empowerment? Ask them :
|b quantifying qualitative outcomes from people's own analysis : insights for results-based management from the experience of a social movement in Bangladesh /
|c Dee Jupp with Sohel Ibn Ali ; contribution from Carlos Barahona
|
| 260 |
|
|
|a Stockholm :
|b Sida,
|c 2010
|
| 300 |
|
|
|a 99 p. :
|b ill. ;
|c 24 cm.
|
| 490 |
0 |
|
|a Sida studies in evaluation,
|x 1402-215X ;
|v 2010:1
|
| 541 |
1 |
|
|e 00021927
|
| 650 |
|
7 |
|a Development credit corporations
|z Bangladesh
|2 sao
|9 32723
|
| 700 |
1 |
|
|a Ibn Ali, Sohel
|9 32724
|
| 700 |
1 |
|
|a Barahona, Carlos,
|d 1965-
|9 32725
|
| 710 |
2 |
|
|a Sida
|4 pbl
|9 32726
|
| 852 |
1 |
|
|a Ayesha Abed Library
|c General Shelf.
|
| 942 |
|
|
|2 ddc
|c BK
|
| 952 |
|
|
|0 0
|1 0
|2 ddc
|4 0
|6 332_209549200000000_JUP
|7 0
|9 17308
|a BRACUL
|b BRACUL
|c GEN
|d 2011-06-29
|e Development Book Agency
|g 700.00
|l 0
|o 332.2095492 JUP
|p 3010021927
|r 2011-06-29
|t 1
|w 2011-06-29
|y BK
|
| 952 |
|
|
|0 0
|1 0
|2 ddc
|4 0
|6 332_209549200000000_JUP
|7 0
|9 17309
|a BRACUL
|b BRACUL
|c GEN
|d 2011-06-29
|e Development Book Agency
|g 700.00
|l 0
|o 332.2095492 JUP
|p 3010021928
|r 2011-06-29
|t 2
|w 2011-06-29
|y BK
|
| 952 |
|
|
|0 0
|1 0
|2 ddc
|4 0
|6 332_209549200000000_JUP
|7 0
|9 17310
|a BRACUL
|b BRACUL
|c GEN
|d 2011-06-29
|e Development Book Agency
|g 700.00
|l 0
|o 332.2095492 JUP
|p 3010021929
|r 2011-06-29
|t 3
|w 2011-06-29
|y BK
|